[Event "Classics II GM"]
[Site "Gausdal NOR"]
[Date "2003.10.26"]
[Round "8"]
[White "Hutters,T"]
[Black "Johannessen,LE"]
[Result "0-1"]
[WhiteElo "2418"]
[BlackElo "2495"]

1.d4 d5 2.c4 c6 3.Nf3 Nf6 4.Qc2 e6 5.Bg5 Be7 6.e3 O-O 7.Nc3 Nbd7 8.Rd1 b6
9.cxd5 Nxd5 10.Bxe7 Qxe7 11.Nxd5 cxd5 12.Bd3 Nf6 13.O-O Bb7 14.Rc1 Rfc8 15.Qa4 Rc7
16.b4 Ne4 17.b5 f6 18.Bxe4 dxe4 19.Nd2 Rac8 20.Rxc7 Qxc7 21.Nb3 Bd5 22.h3 Qd7
23.Rc1 a5 24.Nc5 Qe8 25.Rc2 Qh5 26.Rc1 Qe2 27.Qc2 Qxb5  0-1

[Event "LXVIII ch-ESP Abierto"]
[Site "Burgos ESP"]
[Date "2003.10.27"]
[Round "4"]
[White "Lopez Martinez,J"]
[Black "Almagro Llanas,P"]
[Result "1/2-1/2"]
[WhiteElo "2425"]
[BlackElo "2359"]

1.Nf3 Nf6 2.c4 c6 3.d4 d5 4.Qc2 g6 5.Bf4 Na6 6.c5 Bg7 7.e3 Qa5+ 8.Nbd2 Bf5
9.Qc3 Nb4 10.Rc1 Qa4 11.Qb3 Qxb3 12.axb3 a5 13.Be2 O-O 14.O-O Nd3 15.Bxd3 Bxd3
16.Rfe1 Nd7 17.Ra1 Ra6 18.Ra3 Rfa8 19.Bc7 Rc8 20.Bxa5 e5 21.b4 e4 22.Rea1 Bb5
23.Ne1 f5 24.g3 g5 25.Nb1 f4 26.Nc3 Nb8 27.Bb6 Bc4 28.Ba5 Ra8 29.b5 Bxb5
30.Nxb5 cxb5 31.Rb3 Nc6 32.Rxb5 Ra7 33.Ra3 fxe3 34.fxe3 Rf8 35.Bc3 Rxa3 36.bxa3 Rf7
37.Rb2 g4 38.Rf2 Bh6 39.Rxf7 Kxf7 40.Kf2 Ke6 41.a4 Bg5 42.Nc2 Bd8 43.Bd2 Bc7
44.Na3 h5 45.Nb5 Bb8 46.Be1 Kd7 47.Nc3 Ke6 48.Nb5  1/2-1/2

[Event "CCAS Open"]
[Site "Cap d'Agde FRA"]
[Date "2003.10.27"]
[Round "6"]
[White "Payen,A"]
[Black "Pozdnjakov,E"]
[Result "1/2-1/2"]
[WhiteElo "2393"]
[BlackElo "2222"]

1.d4 d5 2.c4 c6 3.Nf3 Nf6 4.Qc2 g6 5.Bf4 Bf5 6.Qb3 Qb6 7.e3 Na6 8.cxd5 Nxd5
9.Be5 Qxb3 10.axb3 Nab4 11.Na3 f6 12.Bg3 Nd3+ 13.Kd2 N3b4 14.Nh4 Be6 15.Nc2  1/2-1/2

[Event "Classics II IM"]
[Site "Gausdal NOR"]
[Date "2003.10.27"]
[Round "9"]
[White "Ekeberg,C"]
[Black "Simonsen,H"]
[Result "1/2-1/2"]
[WhiteElo "2243"]
[BlackElo "2240"]

1.d4 d5 2.c4 c6 3.Nf3 Nf6 4.g3 e6 5.Bg2 Nbd7 6.O-O Be7 7.Nbd2 b6 8.Qc2 Bb7
9.e4 dxe4 10.Ng5 O-O 11.Ngxe4 Qc7 12.b3 Rfd8 13.Bb2 Nxe4 14.Nxe4 c5 15.dxc5 Nxc5
16.Rad1 Nxe4 17.Bxe4 h6 18.Bxb7 Qxb7 19.Rxd8+ Rxd8 20.Rd1 Rxd1+ 21.Qxd1 Qe4
22.Bd4 Bg5 23.h4 Be7 24.Be3 Qc6 25.a4 a5 26.Qd4 Bc5 27.Qd8+ Kh7 28.Bxc5 Qxc5
29.Qd7 Kg6 30.Kg2  1/2-1/2

[Event "Classics II GM"]
[Site "Gausdal NOR"]
[Date "2003.10.28"]
[Round "10"]
[White "Hutters,T"]
[Black "Tallaksen,G"]
[Result "1/2-1/2"]
[WhiteElo "2418"]
[BlackElo "2327"]

1.d4 d5 2.c4 c6 3.Nf3 Nf6 4.Qc2 g6 5.Bf4 Na6 6.e3 Bf5 7.Qb3 Nb4 8.Qxb4 e5
9.Qxb7 Rb8 10.Qxc6+ Bd7 11.Qxf6 Qxf6 12.Bxe5 Qb6 13.b3 Qa5+ 14.Nbd2 Rxb3
15.Bxh8 Bb4 16.Be2 Bxd2+ 17.Nxd2 Rb2 18.O-O Rxd2 19.Rae1 Qa6 20.Bf3 dxc4
21.d5 Rxa2 22.Rc1 f6 23.e4 Kf7 24.e5 fxe5 25.Bxe5 Bb5 26.d6 Qc8 27.Rfe1 Qc5
28.Bg3 Rd2 29.Re5 Qb6 30.h4 a6 31.Re7+ Kg8 32.Re6 Bd7 33.Re7 Rxd6 34.Bxd6 Qxd6
35.Re4 Bb5 36.Be2 c3 37.Bf1 Bxf1 38.Kxf1 Qd3+ 39.Re2 Qc4 40.Ke1 Qxh4 41.Rec2 Qh1+
42.Ke2 Qxg2 43.Rxc3 h5 44.Rc7 Qe4+ 45.Kf1 Qh1+ 46.Ke2 Qe4+  1/2-1/2

[Event "3rd Rohde Open"]
[Site "Sautron FRA"]
[Date "2003.10.29"]
[Round "5"]
[White "Primel,D"]
[Black "Mohandesi,S"]
[Result "1-0"]
[WhiteElo "2133"]
[BlackElo "2329"]

1.Nf3 d5 2.d4 c6 3.c4 Nf6 4.Qc2 Bg4 5.Ne5 Bh5 6.cxd5 Nxd5 7.Bd2 e6 8.a3 Nb6
9.e3 N8d7 10.Nxd7 Qxd7 11.Nc3 Bg6 12.Qb3 Be7 13.Be2 O-O 14.Rd1 Nd5 15.O-O a5
16.f3 Bg5 17.Ne4 a4 18.Qd3 Rfd8 19.Rfe1 Qc7 20.Bf1 e5 21.Qe2 Bh6 22.dxe5 Qxe5
23.Nc3 Nxc3 24.Bxc3 Qxe3+ 25.Kh1 Qxe2 26.Bxe2 Bg5 27.g3 h6 28.Kg2 Bc2 29.Rxd8+ Rxd8
30.f4 Bf6 31.Bxf6 gxf6 32.Kf3 Kf8 33.Ke3 Bb3 34.Rc1 Rd5 35.h4 Ke7 36.Bd3 Kd6
37.Be2 Ra5 38.Rc3 Ra8 39.Bh5 Re8+ 40.Kd2 Re4 41.Bf3 Rd4+ 42.Ke3 Rc4 43.Rxc4 Bxc4
44.Kd4 Bb3 45.Be4 b6 46.Bf3 c5+ 47.Kc3 Kc7 48.g4 Kd6 49.Be2 Be6 50.Bf3 b5
51.Be2 Kc6 52.Bf3+ Bd5 53.Be2 Kb6 54.h5 Be4 55.Bd1 Ka5 56.Be2 b4+ 57.Kc4 bxa3
58.bxa3 Kb6 59.Bd1 Bc6 60.Bc2 Bf3 61.g5 hxg5 62.h6 g4 63.h7 g3 64.h8=Q g2
65.Qg7 Bc6 66.Bxa4 Be4 67.Bd1 Ka5 68.Kxc5 Ka6 69.Kd4  1-0

[Event "FSIM November"]
[Site "Budapest HUN"]
[Date "2003.11.02"]
[Round "2"]
[White "Babos,C"]
[Black "Guid,M"]
[Result "1/2-1/2"]
[WhiteElo "2274"]
[BlackElo "2222"]

1.d4 d5 2.c4 dxc4 3.Nf3 c6 4.g3 b5 5.Bg2 Bb7 6.a4 Nd7 7.O-O e6 8.Bg5 Ngf6
9.b3 cxb3 10.Qxb3 a6 11.Ne5 Qb6 12.Nxd7 Nxd7 13.Nc3 Qxd4 14.axb5 Qb6 15.Be3 c5
16.Na4 Qxb5 17.Qxb5 axb5 18.Bxb7 Rxa4 19.Bc6 Bd6 20.Rxa4 bxa4 21.Rd1 Ke7
22.Bxd7 Kxd7 23.Bxc5 Kc6 24.Bxd6 Rd8 25.Rd4 Rxd6 26.Rxa4  1/2-1/2

[Event "ch-UKR"]
[Site "Simferopol UKR"]
[Date "2003.11.04"]
[Round "1"]
[White "Kuzubov,Y"]
[Black "Garifulin,A"]
[Result "1-0"]
[WhiteElo "2441"]
[BlackElo "2261"]

1.d4 d5 2.c4 c6 3.Nf3 Nf6 4.Qc2 g6 5.Bf4 a6 6.Nbd2 Bg7 7.e3 O-O 8.Bd3 c5
9.O-O Nc6 10.dxc5 dxc4 11.Bxc4 Nd5 12.Bxd5 Qxd5 13.a3 Qh5 14.Rad1 e5 15.Bg3 f5
16.h3 g5 17.Ne1 f4 18.Bh2 Bf5 19.Qb3+ Kh8 20.Rc1 Rab8 21.f3 Rf6 22.Nc4 Be6
23.Qc2 Rbf8 24.Nd3 Rh6 25.Rce1 Bf5 26.Nd6 Bd7 27.Nf2 Re6 28.Nfe4 Qg6 29.Qb3 b5
30.Rd1 Re7 31.Nc3 fxe3 32.Ne2 Nd4 33.Qxe3 Re6 34.Nc3 h5 35.Nce4 Bh6 36.Bxe5+ Rxe5
37.Qxd4 Bg7 38.Qd2 Bc6 39.b4 g4 40.Kh1 Qe6 41.Ng5 Qg6 42.Nde4 gxf3 43.gxf3 Qf5
44.Qg2 Qf4 45.Rg1 Ref5 46.Rd6 Rxg5 47.Nxg5 Bb7  1-0

[Event "15th Open"]
[Site "Leuven BEL"]
[Date "2003.11.09"]
[Round "5"]
[White "Mohandesi,S"]
[Black "Houdart,D"]
[Result "1-0"]
[WhiteElo "2329"]
[BlackElo "2184"]

1.d4 d5 2.c4 c6 3.Nf3 Nf6 4.Qc2 g6 5.Bf4 Bg7 6.e3 O-O 7.Nc3 a6 8.Bd3 Nh5
9.Bg5 dxc4 10.Bxc4 Nd7 11.Rd1 Nb6 12.Be2 h6 13.Bh4 Be6 14.Nd2 Nf6 15.O-O Nbd5
16.a3 Rc8 17.Na4 Bf5 18.Qb3 c5 19.Nxc5 b6 20.Nd3 Be6 21.Qa4 Bd7 22.Qxa6 b5
23.Bxf6 Bxf6 24.Rc1 Rb8 25.Bf3 Bc8 26.Qc6 Bb7 27.Qc2 Qd6 28.Ne4 Qb6 29.Ndc5 Rfc8
30.Qb3 Rd8 31.Nxb7 Qxb7 32.Nxf6+ exf6 33.Rc5  1-0

[Event "TCh-SWE 2003-4"]
[Site "Malmo SWE"]
[Date "2003.11.09"]
[Round "1"]
[White "Svenn,G"]
[Black "Bellon Lopez,JuM"]
[Result "1-0"]
[WhiteElo "2360"]
[BlackElo "2425"]

1.d4 c6 2.Nf3 d5 3.c4 dxc4 4.g3 g6 5.Bg2 Bg7 6.O-O Nd7 7.a4 a5 8.Na3 Nb6
9.Qc2 Nf6 10.e4 h6 11.Rd1 O-O 12.Ne5 Ng4 13.Nf3 Be6 14.h3 Nf6 15.Ne5 Ne8
16.Naxc4 Nd6 17.Nxb6 Qxb6 18.Ra3 Kh7 19.Rc3 f5 20.exf5 Nxf5 21.g4 Nh4 22.Be4 Rad8
23.Nxg6 Nxg6 24.Bxg6+ Kh8 25.Be3 Qb4 26.Qc1 Rd6 27.Be4 Bb3 28.Rd2 Qxa4 29.Bc2 Bxc2
30.Rcxc2 Qb3 31.Rc5 a4 32.Rdc2 Qe6 33.Rh5 Qg6 34.Rcc5 Qe4 35.Bxh6 Rg6 36.Bxg7+ Kxg7
37.Rce5 Qxd4 38.Rxe7+ Kg8 39.Qe3 Qxb2 40.Rhe5 Qb1+ 41.Kg2 Qb4 42.R5e6 Qb1
43.Rxb7 Qf5 44.Rxg6+ Qxg6 45.Ra7 Re8 46.Qf4 Qe4+ 47.Qxe4 Rxe4 48.Kg3 Rb4
49.g5 c5 50.f4 c4 51.f5 c3 52.f6 Rc4 53.g6  1-0

[Event "TCh-SLO"]
[Site "Celje SLO"]
[Date "2003.11.18"]
[Round "3"]
[White "Mikhalchishin,A"]
[Black "Mikac,M"]
[Result "1/2-1/2"]
[WhiteElo "2522"]
[BlackElo "2358"]

1.d4 d5 2.c4 c6 3.Nf3 Nf6 4.Qc2 g6 5.Bf4 dxc4 6.Qxc4 Bg4 7.Nbd2 Bg7 8.e3 Nbd7
9.Be2 O-O 10.Qb3 Nb6 11.O-O a5 12.Rfc1 a4 13.Qd1 Nbd5 14.Be5 Bh6 15.Nf1  1/2-1/2

[Event "TCh-SWE 2003-4"]
[Site "Malmo SWE"]
[Date "2003.11.30"]
[Round "5"]
[White "Svenn,G"]
[Black "Ingbrandt,J"]
[Result "1/2-1/2"]
[WhiteElo "2360"]
[BlackElo "2400"]

1.d4 d5 2.c4 c6 3.Nf3 Nf6 4.Qb3 dxc4 5.Qxc4 Bf5 6.g3 Nbd7 7.Bg2 e6 8.O-O Be7
9.Qb3 Qb6 10.Nbd2 O-O 11.Nc4 Qxb3 12.axb3 Be4 13.Bf4 Rfc8 14.Bd6 Kf8 15.Nfe5 Bxg2
16.Kxg2 b5 17.Bxe7+ Kxe7 18.Na5 Nxe5 19.dxe5 Nd7 20.f4 c5 21.Rfd1 Rc7 22.Rd6 Rac8
23.Rad1 Nb6 24.R1d2 c4 25.bxc4 bxc4 26.R6d4 f6 27.exf6+ gxf6 28.e4 c3 29.bxc3 Rxc3
30.Kf2 h5 31.Rb4 h4 32.gxh4 Rh3 33.Kg2 Rxh4 34.Kg3 Rh5 35.Nb3 Rg8+ 36.Kf3 Rh3+
37.Ke2 Rxh2+ 38.Kd1 Rh1+ 39.Kc2 Rc8+ 40.Kd3 Rh3+ 41.Ke2 Rh2+ 42.Kd1 Rh1+
43.Ke2 Rb1 44.Ra2 Rc7 45.Rb5 Rh1 46.Rba5 Rh2+ 47.Kd1 Rxa2 48.Rxa2 e5 49.fxe5 fxe5
50.Ke2 Nd7 51.Ra5 Kf6 52.Kd3 Rb7 53.Nd2 Kg5 54.Ke3 Rc7 55.Nf3+ Kf6 56.Ra6+ Ke7
57.Ra5 Kd6 58.Ra6+ Nb6 59.Kd3  1/2-1/2

[Event "Attila Schneder Mem"]
[Site "Budapest HUN"]
[Date "2003.12.03"]
[Round "3"]
[White "Harmon,C"]
[Black "Cernousek,L"]
[Result "0-1"]
[WhiteElo "2207"]
[BlackElo "2302"]

1.d4 d5 2.c4 c6 3.Nf3 Nf6 4.Qc2 e6 5.g3 dxc4 6.Qxc4 b5 7.Qd3 Bb7 8.Bg2 Nbd7
9.O-O a6 10.Be3 c5 11.dxc5 Bxc5 12.Nbd2 Qb6 13.Bxc5 Nxc5 14.Qe3 Nd5 15.Qd4 O-O
16.Rfc1 Rac8 17.Nb3 Na4 18.Qxb6 Ndxb6 19.Na5 Bd5 20.b3 Nc3 21.Rc2 Be4 22.Rd2 Rfd8
23.Rxd8+ Rxd8 24.e3 Nxa2 25.Nd4 Nc3 26.Bxe4 Nxe4 27.Nac6 Ra8 28.f3 Nc5 29.e4 Kf8
30.e5 Ke8 31.f4 Kd7 32.Nb4 a5 33.Nbc2 b4 34.Rd1 Nd5 35.Ra1 Kc7 36.Kf2 Kb6
37.Kf3 Rc8 38.Ne3 Nxe3 39.Kxe3 Nxb3  0-1

[Event "22nd SEA Games Team Rapid"]
[Site "Ho Chi Minh City VIE"]
[Date "2003.12.05"]
[Round "2.2"]
[White "Chan,N"]
[Black "Antonio,R"]
[Result "0-1"]
[WhiteElo "2274"]
[BlackElo "2521"]

1.c4 Nf6 2.Nf3 c6 3.d4 d5 4.Qc2 g6 5.Bf4 Bg7 6.e3 O-O 7.Nc3 Qa5 8.a3 dxc4
9.Bxc4 Nd5 10.Bg5 h6 11.Bh4 Bf5 12.Qc1 g5 13.Bg3 Nxc3 14.bxc3 Nd7 15.O-O Rac8
16.Qb2 b5 17.Be2 Nb6 18.Qb4 Qxb4 19.axb4 Na4 20.Ra3 a6 21.Bd1 Nb6 22.Be2 Na4
23.Rfa1 f6 24.Bd1 Bd3 25.Bxa4 bxa4 26.Rxa4 g4 27.Nh4 e5 28.Ra5 Rfe8 29.Rd1 Bh7
30.dxe5 fxe5 31.Rxa6 Red8 32.Raa1 Rxd1+ 33.Rxd1 Ra8 34.h3 gxh3 35.gxh3 Be4
36.Kh2 Bf6 37.Rd6 Kf7 38.Rd7+ Ke6 39.Rd1 Ra2 40.Rc1 Rb2 41.Ng2 h5 42.Kg1 Bg5
43.Nh4 Bd8 44.Ng2 Bb6 45.Ne1 Bd8 46.f3 Bf5 47.h4 e4 48.Rc2 Rb1 49.f4 Bf6
50.Kf2 Bg4 51.Ng2 Kf5 52.Ne1 Bd1 53.Rd2 Bxc3 54.Rd6 Bxb4 55.Rd8 Bb3 56.Ng2 Rb2+  0-1

[Event "22nd SEA Games Team Standard"]
[Site "Ho Chi Minh City VIE"]
[Date "2003.12.07"]
[Round "3"]
[White "Pham Minh Hoang"]
[Black "Goh Weiming"]
[Result "1/2-1/2"]
[WhiteElo "2438"]
[BlackElo "2303"]

1.d4 d5 2.Nf3 c6 3.c4 dxc4 4.Nc3 e6 5.a4 Bb4 6.Ne5 b5 7.g3 f6 8.Nf3 Ne7 9.Bg2 Bb7
10.O-O a6 11.Nh4 Qb6 12.e4 O-O 13.Be3 Qc7 14.Bh3 Bc8 15.axb5 cxb5 16.Nxb5 Qb7
17.Nc3 Nbc6 18.Qe2 Na5 19.Bg2 Bd7 20.e5 Bc6 21.exf6 Rxf6 22.Bg5 Rf7 23.Qxe6 Bxg2
24.Nxg2 Bxc3 25.bxc3 Nb3 26.Ra4 Qd5 27.Qxd5 Nxd5 28.Rxc4 a5 29.Bc1 a4 30.Ne3 Nf6
31.Rb4 Ne4 32.f3 Nxc3 33.Bb2 Na2 34.Rb6 Nd2 35.Ra1 Rxf3 36.Re6 a3 37.Rxa2 axb2
38.Rxb2 Kf7 39.d5 Ra3 40.Rxd2 Raxe3 41.Rxe3 Rxe3 42.d6 Re8 43.Kf2 Ke6 44.Kf3 Rd8
45.Kf4 Rxd6 46.Rxd6+ Kxd6 47.Kf5 Ke7  1/2-1/2

[Event "VIII Mirko Srajber Mem"]
[Site "Subotica SCG"]
[Date "2003.12.08"]
[Round "11"]
[White "Ilincic,Z"]
[Black "Colovic,A"]
[Result "1/2-1/2"]
[WhiteElo "2564"]
[BlackElo "2412"]

1.d4 d5 2.c4 c6 3.Nf3 Nf6 4.Qc2 g6 5.Nc3 Bg7 6.e3 O-O 7.Bd3 c5 8.cxd5 cxd4
9.Nxd4 Nxd5 10.Nxd5 Qxd5 11.Be4 Qd6 12.O-O Na6 13.Bd2 Qb6 14.a4 e5 15.Nb5 Bd7
16.Nc3 Nb4 17.Qb1 a5 18.Nd5 Nxd5 19.Bxd5 Bc6 20.Bxc6 Qxc6 21.Rc1 Qd5 22.Bc3 Rfd8
23.Rd1 Qc4 24.Rxd8+ Rxd8 25.Bxa5 Ra8 26.b3 Qc6 27.Bd2 e4 28.Ra2 Rc8 29.g3 h5
30.h4 Be5 31.a5 Qd5 32.Kg2 Rc6 33.Be1 Bc7 34.Rd2 Qf5 35.Rd4 Qf3+ 36.Kg1 Bxg3
37.Qxe4 Qe2 38.Rd8+ Kh7 39.Qb4 Qf3 40.fxg3 Rc1 41.Qd2 Qxg3+ 42.Kf1 Qh3+ 43.Ke2 Qg4+
44.Kf1 Qh3+ 45.Kg1 Qg3+ 46.Kf1 Qh3+ 47.Ke2 Qg4+ 48.Kf1 Qh3+  1/2-1/2

[Event "6th Open"]
[Site "Tanta City EGY"]
[Date "2003.12.10"]
[Round "4"]
[White "Manolache,M"]
[Black "Vysochin,S"]
[Result "0-1"]
[WhiteElo "2457"]
[BlackElo "2584"]

1.d4 d5 2.c4 c6 3.Nf3 Nf6 4.Qc2 Bg4 5.e3 e6 6.Nbd2 Nbd7 7.h3 Bf5 8.Bd3 Bxd3
9.Qxd3 Be7 10.O-O O-O 11.e4 dxc4 12.Qxc4 c5 13.e5 Nd5 14.dxc5 Nxc5 15.Ne4 Nb6
16.Qe2 Qd3 17.Re1 Rac8 18.Nxc5 Qxe2 19.Rxe2 Bxc5 20.Be3 Bxe3 21.Rxe3 Rfd8
22.Rb3 Rc2 23.Re1 h6 24.Kf1 g5 25.Kg1 Rd7 26.Re4 Rd1+ 27.Re1 Rd7 28.Re4 Kg7
29.Rd4 Rc1+ 30.Kh2 Rcc7 31.Rg4 Rc2 32.h4 Rxf2 33.hxg5 h5 34.Rh4 Nd5 35.Kg3 Re2
36.Rxh5 Ne3 37.Nh4 Nc4 38.g6 fxg6 39.Rg5 Nxe5 40.Nf3 Nf7 41.Rgb5 b6 42.Kh2 e5
43.R5b4 Nh6 44.Ng1 Rc2 45.Nf3 Rd5 46.Ra3 Rc7 47.Rba4 a5 48.Re4 Kf6 49.g4 Nf7
50.Rb3 b5 51.Kg3 Nd6 52.Re2 e4 53.Nd2 Rd3+ 54.Rxd3 exd3 55.Re3 Rc2 56.Nf3 d2
57.Rd3 Ke7 58.b3 Rxa2 59.Kf4 a4 60.bxa4 Rxa4+ 61.Kg5 Ra3 62.Rxa3 d1=Q  0-1

[Event "TCh-BEL 2003-4"]
[Site "Belgium BEL"]
[Date "2003.12.14"]
[Round "1"]
[White "Bauduin,E"]
[Black "Philipowski,R"]
[Result "1/2-1/2"]
[WhiteElo "2245"]
[BlackElo "2298"]

1.Nf3 d5 2.d4 Nf6 3.c4 c6 4.Qb3 dxc4 5.Qxc4 Bf5 6.g3 e6 7.Bg2 Nbd7 8.O-O Be7
9.Qb3 Qb6 10.Nbd2 Ne4 11.Nc4 Qa6 12.Nh4 Bxh4 13.gxh4 Nb6 14.Nxb6 Qxb6 15.Qa3 Qxd4
16.Be3 Qd6 17.Qa4 Nf6 18.Bf4 e5 19.Rad1 Qe6 20.Bg3 O-O 21.Qb4 Rab8 22.Qc5 Ne4
23.Bxe4 Bxe4 24.Qxe5 Qxe5 25.Bxe5 Rbd8 26.Bc7 Rc8 27.Rd7 Bf5 28.Re7 Rfe8
29.Rxe8+ Rxe8 30.Rd1 h5 31.Rd8 Rxd8 32.Bxd8 f6 33.f3 Kf7 34.e4 Be6 35.a3 Bc4  1/2-1/2

[Event "RUS-UKR Blitz g/3"]
[Site "bereg.ru INT"]
[Date "2003.12.14"]
[Round "11"]
[White "Zontakh,A"]
[Black "Riazantsev,A"]
[Result "1-0"]
[WhiteElo "2531"]
[BlackElo "2572"]

1.d4 d5 2.c4 c6 3.Nf3 dxc4 4.e3 Be6 5.a4 Nf6 6.Qc2 Na6 7.Bd2 Bd5 8.Bxc4 Bxc4
9.Qxc4 e6 10.O-O Be7 11.b4 Nc7 12.Nc3 O-O 13.b5 cxb5 14.axb5 Ncd5 15.Rfc1 Nxc3
16.Bxc3 Bd6 17.Bb4 Nd5 18.Bxd6 Qxd6 19.e4 Nf4 20.g3 Ng6 21.Qc7 Qb4 22.Rcb1 Rac8
23.Rxb4 Rxc7 24.Rxa7 Rfc8 25.Rba4 Kf8 26.Ra8 Rxa8 27.Rxa8+ Ke7 28.h4 f6 29.Rb8 Rd7
30.Kf1 Kd6 31.h5 Ne7 32.Ke2 Kc7 33.Rh8 h6 34.Kd3 Kb6 35.Kc4 Rc7+ 36.Kb4 Rd7
37.Rf8 Kc7 38.Kc5 b6+ 39.Kc4 Nc8 40.e5 f5 41.Nh4 Ne7 42.Ng6 Nd5 43.Re8 f4
44.gxf4 Rf7 45.Rxe6 Kb7 46.Kxd5  1-0

[Event "FSGM December"]
[Site "Budapest HUN"]
[Date "2003.12.14"]
[Round "9"]
[White "Berczes,D"]
[Black "Drabke,L"]
[Result "0-1"]
[WhiteElo "2323"]
[BlackElo "2449"]

1.d4 d5 2.c4 c6 3.Nf3 Nf6 4.Qc2 dxc4 5.Qxc4 Bf5 6.Nc3 Nbd7 7.g3 e6 8.Bg2 Be7
9.O-O O-O 10.e3 Ne4 11.Qe2 Nxc3 12.bxc3 Be4 13.Bh3 Qa5 14.Nd2 Bf5 15.Bxf5 Qxf5
16.e4 Qa5 17.Bb2 c5 18.d5 Bf6 19.dxe6 fxe6 20.Qc4 Qb6 21.Qb3 Ne5 22.Rad1 Rad8
23.f4 Nd3 24.Ba1 Qxb3 25.axb3 g5 26.Nc4 gxf4 27.gxf4 Nxf4 28.e5 Bg5 29.Rxd8 Bxd8
30.Nd6 b6 31.Rf3 Bc7 32.c4 Ne2+ 33.Kf2 Rxf3+ 34.Kxf3 Nc1 35.Bc3 Nxb3 36.Ne4 Nd4+
37.Bxd4 cxd4 38.Kf4 a5 39.Ng5 a4 40.Nxe6 Bxe5+ 41.Kxe5 d3  0-1

[Event "1st GM"]
[Site "Kish IRI"]
[Date "2003.12.15"]
[Round "4"]
[White "Georgiev,Vl"]
[Black "Kupreichik,V"]
[Result "1-0"]
[WhiteElo "2596"]
[BlackElo "2496"]

1.d4 d5 2.c4 dxc4 3.Nf3 c6 4.e3 Be6 5.Nc3 b5 6.a4 b4 7.Ne4 Nf6 8.Nc5 Bd5
9.Qc2 e6 10.Bxc4 Bxc5 11.dxc5 Be4 12.Qd2 Qa5 13.Qd6 Nbd7 14.Bd2 Rd8 15.Nd4 Bxg2
16.Nxe6 Rb8 17.Nxg7+ Kd8 18.Rg1 Bd5 19.Bxd5 cxd5 20.Rc1 Qc7 21.Nf5 Qxd6 22.Nxd6 Ne5
23.Ke2 Kd7 24.f4 Nc6 25.Rg7 Ke6 26.f5+ Ke5 27.Nxf7+ Kxf5 28.Rf1+ Ke6 29.Nxh8  1-0

[Event "Open"]
[Site "Malmoe SWE"]
[Date "2003.12.21"]
[Round "5"]
[White "Jakobsen,O"]
[Black "Hector,J"]
[Result "1-0"]
[WhiteElo "2389"]
[BlackElo "2515"]

1.d4 d5 2.Nf3 Nf6 3.c4 c6 4.Qc2 g6 5.Bf4 Na6 6.a3 Bg7 7.e3 O-O 8.Nc3 c5 9.cxd5 cxd4
10.exd4 Nxd5 11.Nxd5 Qxd5 12.Bc4 Qa5+ 13.Qd2 Qxd2+ 14.Kxd2 Rd8 15.Ke3 Kf8
16.Rac1 f6 17.h4 Bg4 18.Nh2 Bd7 19.Rc3 Nb8 20.Nf3 Nc6 21.d5 e5 22.dxe6 Bc8
23.h5 Ne7 24.hxg6 Nf5+ 25.Ke2 hxg6 26.g4 Nd4+ 27.Nxd4 Rxd4 28.Be3 Rxc4 29.Rxc4 Bxe6
30.Rc7 Kg8 31.f3 Bd5 32.Bd4 Re8+ 33.Kf2 Bc6 34.g5 Rf8 35.Re1 Rf7 36.Rc8+ Rf8
37.Rxf8+ Bxf8 38.gxf6 a6 39.f4 Bd6 40.Kg3 Kf7 41.Kg4 Bf8 42.Kg5 Bd6 43.b4  1-0

[Event "TCh-BEL 2003-4"]
[Site "Belgium BEL"]
[Date "2003.12.23"]
[Round "5"]
[White "Van Heirzeele,D"]
[Black "Mohandesi,S"]
[Result "1/2-1/2"]
[WhiteElo "2227"]
[BlackElo "2329"]

1.d4 Nf6 2.c4 c6 3.Nf3 d5 4.Qb3 dxc4 5.Qxc4 Bf5 6.g3 Nbd7 7.Nc3 e6 8.Bg2 Be7
9.Qb3 Qb6 10.Nd2 O-O 11.Nc4 Qxb3 12.axb3 Bb4 13.Na5 Ne4 14.Ra4 Bxa5 15.Rxa5 Ndf6
16.f3  1/2-1/2

[Event "2nd Open"]
[Site "Nantes FRA"]
[Date "2003.12.26"]
[Round "1"]
[White "David,Vi"]
[Black "Delorme,Ax"]
[Result "1/2-1/2"]
[WhiteElo "2320"]
[BlackElo "2090"]

1.d4 d5 2.c4 c6 3.Nf3 Nf6 4.g3 dxc4 5.Bg2 e6 6.O-O Nbd7 7.a4 b5 8.axb5 cxb5
9.Ne5 Nd5 10.Nc3 Bb7 11.Nxb5 a6 12.Nc3 Nxc3 13.bxc3 Bxg2 14.Kxg2 Nxe5 15.dxe5 Qxd1
16.Rxd1 Bc5 17.Ra5 Bb6 18.Ra4 O-O 19.Rxc4 Rfc8 20.Rxc8+ Rxc8 21.Rd6 Ba5 22.Bd2 Kf8
23.Rd3 Ke7 24.Kf1 h6 25.Ke1 Rc4 26.Kd1 Bb6 27.f4 a5 28.Rd6 Bg1 29.h3 Bh2
30.Rd3 h5 31.h4 Bg1 32.Kc2 Re4 33.Kd1 Rc4 34.e3 Bf2 35.Be1 Bxe1 36.Kxe1 Ra4
37.Rd4  1/2-1/2

[Event "North American Open"]
[Site "Las Vegas USA"]
[Date "2003.12.27"]
[Round "2"]
[White "Ashton,J"]
[Black "Vigorito,D"]
[Result "1/2-1/2"]
[WhiteElo "2207"]
[BlackElo "2372"]

1.d4 d5 2.c4 c6 3.Nf3 Nf6 4.Qc2 g6 5.Nc3 Bg7 6.Bf4 dxc4 7.e4 Bg4 8.Bxc4 Bxf3
9.gxf3 b5 10.Be2 O-O 11.Be3 Nbd7 12.e5 Nd5 13.Nxd5 cxd5 14.Qc6 e6 15.Bxb5 Nb6
16.Ba6 Qh4 17.b3 Qh3 18.Ke2 f6 19.f4 Bh6 20.Rhg1 fxe5 21.fxe5 Bxe3 22.fxe3 Rf3
23.Raf1 Raf8 24.Rxf3 Qxf3+ 25.Kd3 Qe4+ 26.Kd2 Kg7 27.Qd6 Nc4+ 28.bxc4 Rf2+
29.Kc3 Qxe3+ 30.Kb4 Rb2+  1/2-1/2

[Event "Christmas Open"]
[Site "Zurich SUI"]
[Date "2003.12.28"]
[Round "4"]
[White "Zontakh,A"]
[Black "Kelecevic,N"]
[Result "1-0"]
[WhiteElo "2531"]
[BlackElo "2379"]

1.d4 d5 2.c4 c6 3.Nf3 dxc4 4.e3 Be6 5.a4 Nf6 6.Na3 Bd5 7.Nxc4 e6 8.Be2 Bb4+
9.Bd2 Bxd2+ 10.Qxd2 Bxc4 11.Bxc4 a5 12.O-O Na6 13.Rfe1 Nb4 14.e4 h6 15.Rad1 Qc7
16.Ne5 Rd8 17.f4 O-O 18.f5 exf5 19.exf5 Nbd5 20.Qf2 Rfe8 21.h3 Nh7 22.Rc1 Qd6
23.b3 Re7 24.Nf3 Rde8 25.Re5 Ng5 26.Bxd5 cxd5 27.Nxg5 hxg5 28.Rxe7 Qxe7 29.Qf3 Qa3
30.Rc5 Qa1+ 31.Kh2 Qxd4 32.Rxd5 Qa7 33.Qg3 f6 34.Rd7 Qc5 35.Qc7 Qxf5 36.Rxg7+ Kh8
37.Rf7 Kg8 38.Rd7 Qe5+ 39.Qxe5 Rxe5 40.Rxb7 Re3 41.Kg1 Kf8 42.Kf2 Rc3 43.g3 Kg8
44.h4 gxh4 45.gxh4 Rh3 46.Rb5 Kf7 47.h5 Ke6 48.Kg2 Rc3 49.Rb7 Kf5 50.h6 Rc2+
51.Kg3 Rc3+ 52.Kf2 Kf4 53.h7 Rc2+ 54.Ke1 Rh2 55.b4 axb4 56.Rxb4+ Ke3 57.Rb3+ Kd4
58.Rb7  1-0

[Event "Harmonie"]
[Site "Groningen NED"]
[Date "2003.12.29"]
[Round "8"]
[White "Ernst,S"]
[Black "L'Ami,E"]
[Result "1/2-1/2"]
[WhiteElo "2474"]
[BlackElo "2470"]

1.d4 d5 2.c4 c6 3.Nf3 Nf6 4.g3 g6 5.Bg2 Bg7 6.O-O O-O 7.Qb3 Qb6 8.c5 Qxb3
9.axb3 Na6 10.Nc3 Nd7 11.Ra4 e5 12.e3 Nc7 13.Bd2 e4 14.Ne1 f5 15.Nc2 g5 16.b4 a6
17.Na1 Rb8 18.Nb3 Nf6 19.f3 exf3 20.Bxf3 Ne4 21.Nxe4 fxe4 22.Be2 Rxf1+ 23.Bxf1 Bg4
24.Ra1 h5 25.Be1 Ne6 26.Bf2 Bf3 27.h3 g4 28.h4 Bh6 29.Ra3 Ng7 30.Na5 Nf5
31.Bxa6 bxa6 32.Nxc6 Rb7 33.Rxa6 Bxe3 34.Bxe3 Nxe3 35.Ra7 Rb5 36.Ne7+ Kf8
37.c6 Rxb4 38.Ng6+ Ke8 39.Re7+ Kd8 40.Rd7+ Ke8  1/2-1/2

[Event "33rd Rilton Cup"]
[Site "Stockholm SWE"]
[Date "2003.12.29"]
[Round "3"]
[White "Eriksson,Jor"]
[Black "Cramling,P"]
[Result "0-1"]
[WhiteElo "2217"]
[BlackElo "2470"]

1.d4 d5 2.c4 c6 3.Nf3 Nf6 4.Qc2 g6 5.Bf4 dxc4 6.Qxc4 Bg7 7.Nc3 b5 8.Qb3 a5
9.e3 a4 10.Qc2 Qa5 11.Nd2 O-O 12.Bd3 Na6 13.a3 Nd7 14.b4 axb3 15.Nxb3 Qb6
16.O-O e5 17.Bg3 exd4 18.exd4 Nf6 19.Be5 Be6 20.Ne4 Nd7 21.Bxg7 Kxg7 22.Nbc5 Naxc5
23.dxc5 Qa7 24.Qc3+ Kg8 25.Rfc1 Bd5 26.Qd4 Rfd8 27.Nc3 Be6 28.Ne4 Bf5 29.Nd6 Bxd3
30.Qxd3 Nxc5 31.Qg3 Ne6 32.h4 Qc7 33.Nf5 Qxg3 34.Nxg3 Nd4 35.Rcb1  0-1

[Event "Hilton Chess Festival"]
[Site "Basel SUI"]
[Date "2004.01.01"]
[Round "1"]
[White "Ikonnikov,Vy"]
[Black "Deschler,F"]
[Result "1-0"]
[WhiteElo "2550"]
[BlackElo "2156"]

1.d4 Nf6 2.Nf3 d5 3.c4 c6 4.Qb3 e6 5.Bg5 Nbd7 6.e3 Be7 7.Nc3 Qb6 8.Qc2 h6
9.Bh4 O-O 10.cxd5 cxd5 11.Bd3 a6 12.O-O Bd6 13.Rac1 Qc7 14.Qe2 Qb8 15.e4 e5
16.dxe5 dxe4 17.Nxe4 Bxe5 18.Nxe5 Qxe5 19.Nxf6+ gxf6 20.Qf3  1-0

[Event "Hilton Chess Festival"]
[Site "Basel SUI"]
[Date "2004.01.04"]
[Round "7"]
[White "Burnier,D"]
[Black "Drabke,L"]
[Result "1/2-1/2"]
[WhiteElo "2297"]
[BlackElo "2439"]

1.d4 d5 2.c4 c6 3.Nf3 Nf6 4.Qc2 dxc4 5.Qxc4 Bf5 6.Nc3 Nbd7 7.g3 e6 8.Bg2 Be7
9.O-O O-O 10.e3 Ne4 11.Nd2 Nxc3 12.bxc3 e5 13.Qb3 Rb8 14.Ba3 c5 15.d5 Bd3
16.Rfc1 c4 17.Nxc4 Bxa3 18.Nxa3 e4 19.Qb4 Re8 20.c4 Ne5 21.Nb5 Nf3+ 22.Kh1 Qf6
23.Qc3 Qf5 24.Nd4 Nxd4 25.Qxd4 Qxf2 26.c5 Rbd8 27.c6 bxc6 28.Rxc6 h6 29.Rc5 Rd6
30.Rc6 Rd7 31.Rc5 Rd6 32.Rc6  1/2-1/2

[Event "Excelsior Cup"]
[Site "Goteborg SWE"]
[Date "2004.01.08"]
[Round "1"]
[White "Johannessen,LE"]
[Black "Bellon Lopez,JuM"]
[Result "1-0"]
[WhiteElo "2500"]
[BlackElo "2429"]

1.Nf3 d5 2.d4 c6 3.c4 dxc4 4.a4 Nf6 5.Nc3 g6 6.e4 Bg7 7.Bxc4 O-O 8.h3 a5
9.O-O Na6 10.Qe2 Nb4 11.Rd1 Qc7 12.Bg5 Nh5 13.Rac1 h6 14.Be3 Kh7 15.e5 f5
16.d5 Bxe5 17.Nxe5 Qxe5 18.Qf3 cxd5 19.Nxd5 Nxd5 20.Bxd5 Be6 21.Bxe6 Qxe6
22.Qxb7 Rab8 23.Qd7 Qxd7 24.Rxd7 Rf7 25.Rcc7 Rxb2 26.Rxe7 Rxe7 27.Rxe7+ Kg8
28.Ra7 f4 29.Bc5 f3 30.gxf3 Nf4 31.Ra8+ Kh7 32.Kh2 Rb3 33.Ra7+ Kg8 34.Be3 Nd5
35.Bxh6 Rxf3 36.Rxa5 Rxf2+ 37.Kg3 Rf5 38.Bd2 Kf7 39.Rc5 Ke6 40.a5 Kd6 41.Rc4 Rf1
42.Ra4 Rd1 43.Ra2 Kc7 44.Kf3 Rh1 45.Kg2 Rb1 46.a6 Kb8 47.Ra5 Nb6 48.Bf4+ Ka7
49.Be3 Rb2+ 50.Bf2 Ka8 51.Rg5 Nd7 52.Rxg6 Rb8 53.Rg7 Rd8 54.Bh4 Rh8 55.Rxd7 Rxh4
56.Rd6 Ra4 57.Rf6 Ka7 58.Kg3 Ra3+ 59.Kg4 Ra4+ 60.Kg5 Ra5+ 61.Rf5  1-0